<?xml version="1.0" encoding="UTF-8"?>
<record
    xmlns:xsi="http://www.w3.org/2001/XMLSchema-instance"
    xsi:schemaLocation="http://www.loc.gov/MARC21/slim http://www.loc.gov/standards/marcxml/schema/MARC21slim.xsd"
    xmlns="http://www.loc.gov/MARC21/slim">

  <leader>00949nam2a22002531  4500</leader>
  <controlfield tag="001">rc\142916</controlfield>
  <controlfield tag="005">20250612181428.0</controlfield>
  <datafield tag="010" ind1=" " ind2=" ">
    <subfield code="a">5-86047-056-8</subfield>
    <subfield code="9">930</subfield>
  </datafield>
  <datafield tag="035" ind1=" " ind2=" ">
    <subfield code="a">(NLR Aleph) 008774513</subfield>
  </datafield>
  <datafield tag="090" ind1=" " ind2=" ">
    <subfield code="a">7944404</subfield>
    <subfield code="c">7944404</subfield>
  </datafield>
  <datafield tag="100" ind1=" " ind2=" ">
    <subfield code="a">20030307d1995    |||y0rusy50      ca</subfield>
  </datafield>
  <datafield tag="101" ind1="0" ind2=" ">
    <subfield code="a">rus</subfield>
  </datafield>
  <datafield tag="102" ind1=" " ind2=" ">
    <subfield code="a">RU</subfield>
  </datafield>
  <datafield tag="105" ind1=" " ind2=" ">
    <subfield code="a">a   |||||||||</subfield>
  </datafield>
  <datafield tag="200" ind1="1" ind2=" ">
    <subfield code="a">&#x413;&#x43E;&#x440;&#x43E;&#x434; &#x428;&#x430;&#x434;&#x440;&#x438;&#x43D;&#x441;&#x43A; &#x438; &#x428;&#x430;&#x434;&#x440;&#x438;&#x43D;&#x441;&#x43A;&#x438;&#x439; &#x440;&#x430;&#x439;&#x43E;&#x43D;</subfield>
    <subfield code="e">&#x410; - &#x41B;</subfield>
    <subfield code="f">&#x421;&#x43E;&#x441;&#x442;. &#x412;. &#x410;. &#x413;&#x435;&#x440;&#x430;&#x441;&#x438;&#x43C;&#x43E;&#x432;, &#x41C;.&#x41F;. &#x414;&#x43C;&#x438;&#x442;&#x440;&#x438;&#x435;&#x432;&#x430;]</subfield>
  </datafield>
  <datafield tag="210" ind1=" " ind2=" ">
    <subfield code="d">&#x411;. &#x433;. (1995)</subfield>
    <subfield code="a">&#x411;. &#x43C;.</subfield>
  </datafield>
  <datafield tag="215" ind1=" " ind2=" ">
    <subfield code="a">401 &#x441;.</subfield>
    <subfield code="c">&#x438;&#x43B;.</subfield>
  </datafield>
  <datafield tag="461" ind1=" " ind2="0">
    <subfield code="1">001rc\142913</subfield>
    <subfield code="1">2001#$a&#x41A;&#x43D;&#x438;&#x433;&#x430; &#x41F;&#x430;&#x43C;&#x44F;&#x442;&#x438;, 1941-1945$e&#x41A;&#x443;&#x440;&#x433;&#x430;&#x43D;. &#x43E;&#x431;&#x43B;.$v[&#x422;. 3</subfield>
    <subfield code="9">7993322</subfield>
    <subfield code="c">&#x41A;&#x443;&#x440;&#x433;&#x430;&#x43D;</subfield>
    <subfield code="d">&#x411;. &#x433;.</subfield>
    <subfield code="n">&#x41F;&#x430;&#x440;&#x443;&#x441; &#x41C;</subfield>
    <subfield code="o">&#x41A;&#x443;&#x440;&#x433;&#x430;&#x43D;. &#x43E;&#x431;&#x43B;.</subfield>
    <subfield code="t">&#x41A;&#x43D;&#x438;&#x433;&#x430; &#x41F;&#x430;&#x43C;&#x44F;&#x442;&#x438;, 1941-1945</subfield>
    <subfield code="y">5860470096</subfield>
    <subfield code="v">[&#x422;. 3</subfield>
  </datafield>
  <datafield tag="702" ind1=" " ind2="1">
    <subfield code="a">&#x413;&#x435;&#x440;&#x430;&#x441;&#x438;&#x43C;&#x43E;&#x432;</subfield>
    <subfield code="b">&#x412;.&#x410;.</subfield>
    <subfield code="4">220</subfield>
  </datafield>
  <datafield tag="801" ind1=" " ind2="0">
    <subfield code="a">RU</subfield>
    <subfield code="b">NLR</subfield>
    <subfield code="g">psbo</subfield>
  </datafield>
  <datafield tag="801" ind1=" " ind2="1">
    <subfield code="a">RU</subfield>
    <subfield code="b">ELAR</subfield>
    <subfield code="2">rusmarc</subfield>
  </datafield>
  <datafield tag="852" ind1=" " ind2=" ">
    <subfield code="a">NLR</subfield>
    <subfield code="b">&#x421;</subfield>
    <subfield code="j">&#x41A;-2/6028</subfield>
  </datafield>
  <datafield tag="942" ind1=" " ind2=" ">
    <subfield code="c">BOOK</subfield>
  </datafield>
  <datafield tag="980" ind1=" " ind2=" ">
    <subfield code="a">NB</subfield>
  </datafield>
  <datafield tag="995" ind1=" " ind2=" ">
    <subfield code="5">2013-10-26</subfield>
    <subfield code="b">NLR01</subfield>
    <subfield code="c">NLR01</subfield>
    <subfield code="e">CSB</subfield>
    <subfield code="f">1-2574420</subfield>
    <subfield code="k">&#x421; &#x41A;-2/6028</subfield>
    <subfield code="o">0</subfield>
    <subfield code="r">BOOK</subfield>
    <subfield code="s">_26028</subfield>
  </datafield>
  <datafield tag="995" ind1=" " ind2=" ">
    <subfield code="5">2019-07-28</subfield>
    <subfield code="b">NLR01</subfield>
    <subfield code="c">NLR01</subfield>
    <subfield code="e">CSB</subfield>
    <subfield code="f">1-2574421</subfield>
    <subfield code="k">&#x421; &#x41A;-2/6028</subfield>
    <subfield code="o">0</subfield>
    <subfield code="r">BOOK</subfield>
    <subfield code="s">_26028</subfield>
  </datafield>
</record>
